LEADER 00925nam a2200265 i 4500 001 000000011926 003 CaOOAMICUS 005 20250915094010.0 008 180830s18271830it d u000 u ita u 040 $aSeMil$bita 245 10$aDizionario della lingua italiana. 260 $aPadova :$bTip. della Minerva,$c1827-1830. 300 $a7 v. ;$c4°. 500 $aTesto su due colonne. 650 4$aLingua italiana - Dizionari - Opere anteriori al 1900.$0(OLS)http://semarc/subject/472 774 0 $t1: [A-B].$w()74152 774 0 $t2: [C].$w()202346 774 0 $t3: [D-F].$w()202348 774 0 $t4: [G-L].$w()202349 774 0 $t5: [M-Q].$w()202350 774 0 $t6: [R-S].$w()202351 774 0 $t7: [T-Z].$w()202352 996 $6245$aDizionario della lingua italiana$9(OLS)http://semarc/title/15801 996 $6260$aPadova :$bTip. della Minerva$9(OLS)http://semarc/publisher/33286 LEADER 01023nam a2200253 i 4500 001 000000122271 003 CaOOAMICUS 005 20241122091946.0 008 040128s1967 it u000 u ita u 013 $a94966 040 $aSeMil$bita 100 1 $aBowles, Paul,$d<1910-1999>.$0(OLS)http://semarc/name/50850 240 10$aLet it come down.$0(OLS)http://semarc/title/180186 245 10$aLascia che accada /$cPaul Bowles ; Traduzione di Domenico De Gregorio. 260 $aMilano :$bMondadori,$c1967 (copyr. 1952) 300 $a364 p. ;$c19 cm. 700 1 $aDe Gregorio, Domenico,$d<1923-2006>.$0(OLS)http://semarc/name/50851 830 0$aOscar ;$v96.$0(OLS)http://semarc/title/8669 850 $aSeMil 852 $aSeMil$W1$xVenegono$y1$m1V I 373$j77270$B77270$CSeMilBibl$Z2$F78971 $81 961 $aRecupero: Seminario di Seveso 996 $6245$aLascia che accada$9(OLS)http://semarc/title/180185 996 $6260$aMilano :$bMondadori$9(OLS)http://semarc/publisher/30335